00319nam a2200121Ia 4500008004100000020002200041041000800063082002400071100001400095245003500109260004400144300000900188230314s9999 xx 000 0 und d a978-93-85891-54-0 aeng aF/610.73/CLE/B08617 aClement I aTextbook of Nursing Foundation bJaico Publishing HouseaNew Delhic2017 a998p